Algoritmy riadenia riadiaceho systému TSX Premium

Saved in:
Bibliographic Details
Main Author: Pazdič, Jozef, 1992- (Author)
Other Authors: Körösi, Ladislav, 1977- (Thesis advisor)
Format: Manuscript Book
Language:Slovak
Published: Bratislava : STU v Bratislave FEI, 2014
Subjects:
Online Access:VAIS
Tags: Add Tag
No Tags, Be the first to tag this record!

MARC

LEADER 00000ntm a22000003a 4500
001 stu294167
005 20150617230317.4
008 140716s2014----xo------------------slo-d
040 |a STU  |b slo 
041 0 |a slo 
044 |a xo 
100 1 |a Pazdič, Jozef,  |d 1992-  |4 aut  |u E  |T FEI Fakulta elektrotechniky a informatiky  |X 8976  |U E  |Y 30  |7 A000008976 
242 0 0 |a Algorithms management control TSX Premium  |y eng 
245 1 |a Algoritmy riadenia riadiaceho systému TSX Premium 
260 |a Bratislava :  |b STU v Bratislave FEI,  |c 2014 
300 |a 85 s  |c CD-ROM 
650 7 |a Industrial Informatics  |2 estusub 
700 1 |a Körösi, Ladislav,  |d 1977-  |4 ths  |u E011  |U FEI Fakulta elektrotechniky a informatiky  |T FEI Ústav robotiky a kybernetiky  |X 4960  |U E011  |Y 356  |7 A000004960 
856 4 |a info a plný text  |u http://is.stuba.sk/zp/portal_zp.pl?podrobnosti=88868  |3 VAIS 
996 |b 284ER01504  |c E*Bc-1504  |l EE31  |s P  |a 0  |w stu294167_0001